000 00955nac a22002291u 4500
010 _a 93005529
020 _a0471572179 (alk. paper)
082 0 0 _a621.319
_bY198
090 _c3813
_d3813
100 _aYamayee, Zia A.
245 1 0 _aElectromechanical energy devices and power systems /
_cZia A. Yamayee, Juan L. Bala, Jr.
260 _aNew York :
_bWiley,1994
_cc1994.
300 _axvi, 503 p. :
_bill. ;
_c24 cm.
504 _aIncludes bibliographical references and index.
650 0 _aElectric power systems.
650 0 _aElectric machinery.
700 1 _aBala, Juan L.,
_d1947-
856 4 2 _3Publisher description
_uhttp://www.loc.gov/catdir/description/wiley034/93005529.html
856 4 2 _3Table of Contents
_uhttp://www.loc.gov/catdir/toc/onix05/93005529.html
942 _cNB
_k621.319Y198
999 _c3813
_d3813